[Event "4NCL/Div3/FCA1 vs. OXF1"]
[Site "Telford ENG"]
[Date "2005.02.26"]
[Round "5.5"]
[White "Freeman, Richard C P"]
[Black "Smallbone, Kieran"]
[Result "0-1"]
[WhiteElo "2117"]
[BlackElo "2170"]
[PlyCount "56"]
[EventDate "2005.02.26"]
[EventType "team"]
[EventRounds "11"]
[EventCountry "ENG"]
[SourceDate "2004.09.21"]

1. d4 d5 2. Nf3 Nf6 3. Bf4 c5 4. e3 Nc6 5. c3 Qb6 6. Qb3 c4 7. Qxb6 axb6 8.
Nbd2 b5 9. b4 Bf5 10. Be2 Ra3 11. O-O Rxc3 12. a4 bxa4 13. Rxa4 e6 14. Ra8+ Nd8
15. Bd1 Bxb4 16. Ba4+ Ke7 17. Nb1 Bxb1 18. Rxb1 Ra3 19. Kf1 Bd6 20. Bxd6+ Kxd6
21. Ne1 Ne4 22. Rb5 Nc3 23. Rba5 Rxa4 24. Rxa4 Nxa4 25. Rxa4 Nc6 26. Nc2 b5 27.
Ra6 Kc7 28. Ke2 Rb8 0-1

[Event "4NCL/Div3/FCA1 vs. OXF1"]
[Site "Telford ENG"]
[Date "2005.02.26"]
[Round "5.6"]
[White "Duggan, Chris"]
[Black "Elwin, Adrian G"]
[Result "1-0"]
[WhiteElo "2114"]
[BlackElo "2077"]
[PlyCount "75"]
[EventDate "2005.02.26"]
[EventType "team"]
[EventRounds "11"]
[EventCountry "ENG"]
[SourceDate "2004.09.21"]

1. e4 c6 2. d4 d5 3. e5 Bf5 4. Nc3 e6 5. Nge2 Nd7 6. Ng3 Bg6 7. h4 h5 8. Nce2
f6 9. Nf4 Bf7 10. Bd3 Ne7 11. exf6 gxf6 12. Nfxh5 e5 13. dxe5 fxe5 14. Bg5 Qa5+
15. c3 e4 16. Be2 O-O-O 17. Qd4 Rg8 18. Bg4 c5 19. Qe5 Nc6 20. Qf6 Bxh5 21.
Nxh5 Be7 22. Qf4 d4 23. O-O Qc7 24. Qxe4 Bxg5 25. hxg5 Rxg5 26. Nf6 Nce5 27.
cxd4 Nxg4 28. Nxg4 Rdg8 29. f3 Qb6 30. Rac1 Kb8 31. dxc5 Nxc5 32. Qe3 Nd3 33.
Qxb6 axb6 34. Rc2 Rh5 35. Nf6 Rhg5 36. Nxg8 Rxg8 37. Rd1 Ne5 38. Kf2 1-0

[Event "4NCL/Div3/FCA1 vs. OXF1"]
[Site "Telford ENG"]
[Date "2005.02.26"]
[Round "5.7"]
[White "Kendall, Paul S N"]
[Black "Morris, Graham"]
[Result "1-0"]
[WhiteElo "2064"]
[BlackElo "2050"]
[PlyCount "73"]
[EventDate "2005.02.26"]
[EventType "team"]
[EventRounds "11"]
[EventCountry "ENG"]
[SourceDate "2004.09.21"]

1. e4 c5 2. Nf3 d6 3. Bb5+ Bd7 4. Bxd7+ Qxd7 5. c4 Nc6 6. O-O g6 7. d4 cxd4 8.
Nxd4 Bg7 9. Be3 Nf6 10. f3 O-O 11. Nc3 Rfc8 12. b3 Rab8 13. Rc1 a6 14. Nxc6
bxc6 15. Qe2 Qb7 16. Rfd1 c5 17. Qf2 Nd7 18. Nd5 Ne5 19. Qh4 Nc6 20. Bg5 Re8
21. Kh1 Qa7 22. f4 f6 23. Bh6 Nd4 24. Rd3 Rf8 25. Bxg7 Kxg7 26. Rh3 Rh8 27.
Qh6+ Kf7 28. f5 Rbg8 29. Rf1 gxf5 30. Qh5+ Ke6 31. exf5+ Kd7 32. Nxf6+ Kd8 33.
Nxg8 Rxg8 34. Qxh7 Re8 35. f6 Qd7 36. f7 Rf8 37. Rg3 {time} 1-0

[Event "4NCL/Div3/FCA1 vs. OXF1"]
[Site "Telford ENG"]
[Date "2005.02.26"]
[Round "5.8"]
[White "Partington, Anna G"]
[Black "Chidi, Silvia"]
[Result "1/2-1/2"]
[WhiteElo "2064"]
[BlackElo "1905"]
[PlyCount "89"]
[EventDate "2005.02.26"]
[EventType "team"]
[EventRounds "11"]
[EventCountry "ENG"]
[SourceDate "2004.09.21"]

1. d4 f5 2. Bg5 Nf6 3. Nc3 e6 4. e4 fxe4 5. Nxe4 Be7 6. Nxf6+ Bxf6 7. Bxf6 Qxf6
8. Bd3 b6 9. Be4 d5 10. Bd3 O-O 11. Nf3 c5 12. c3 c4 13. Bc2 Bd7 14. O-O Be8
15. Ne5 Nd7 16. f4 Nxe5 17. dxe5 Qh6 18. Qd4 g6 19. Rae1 Rd8 20. Re3 Qg7 21.
Rg3 Qc7 22. f5 exf5 23. Bxf5 Qc5 24. Be6+ Bf7 25. Rxf7 Rxf7 26. Rf3 Rdf8 27.
Bxd5 Kg7 28. Rxf7+ Rxf7 29. Bxf7 Kxf7 30. Kf2 Ke6 31. Ke3 Qxe5+ {=} 32. Qe4 Kd6
33. g3 b5 34. a3 Qg5+ 35. Qf4+ Qe5+ 36. Kf3 Ke6 37. h4 h5 38. a4 a6 39. axb5
axb5 40. Qe4 Kf6 41. Qc6+ Kf7 42. Qd7+ Kf6 43. Qd8+ Kf7 44. Qd7+ {=} Kf6 45.
Qd8+ 1/2-1/2

[Event "4NCL/Div3/SCS1 vs. PPA1"]
[Site "Telford ENG"]
[Date "2005.02.26"]
[Round "5.1"]
[White "Dickinson, Timothy R"]
[Black "Swanson, Stephen"]
[Result "1/2-1/2"]
[WhiteElo "2176"]
[BlackElo "2276"]
[PlyCount "136"]
[EventDate "2005.02.26"]
[EventType "team"]
[EventRounds "11"]
[EventCountry "ENG"]
[SourceDate "2004.09.21"]

1. Nc3 d6 2. d4 g6 3. Bg5 Bg7 4. Qd2 a6 5. e4 Nd7 6. f4 b5 7. Nf3 Bb7 8. e5 h6
9. e6 fxe6 10. Bd3 Nf8 11. Bh4 Nf6 12. O-O Qd7 13. a4 b4 14. Na2 a5 15. Nc1 Ba6
16. Nb3 Bxd3 17. Qxd3 c6 18. Ne5 dxe5 19. fxe5 g5 20. exf6 Bxf6 21. Bg3 Rd8 22.
Rad1 Qd5 23. Bc7 Ra8 24. Rde1 Kf7 25. Re5 Qd7 26. Rxa5 Ng6 27. Be5 Rxa5 28.
Nxa5 Kg7 {=} 29. Nc4 Qd5 30. Qf3 Qxf3 31. Rxf3 Ra8 32. a5 Bxe5 33. dxe5 Nf4 34.
Rb3 Nd5 35. Rd3 Kg6 36. g4 h5 37. h3 h4 38. Rd1 c5 39. Ra1 Ra6 40. Kf2 Nc7 41.
Nd2 Rc6 42. c4 Na6 43. Rd1 Nb8 44. Nb3 Rc8 45. Ra1 Na6 46. Ke3 Rd8 47. Ke2 Rc8
48. Kd3 Rf8 49. Ke3 Rd8 50. Rf1 Rc8 51. Kd3 Nb8 52. Kc2 Nd7 53. a6 Nxe5 54. Ra1
Nxc4 55. a7 Nb6 56. Ra6 Na8 57. Na5 Kf6 58. Nc4 Rc7 59. Kb3 Rd7 60. Ka4 Rb7 61.
Ka5 b3 62. Na3 Ke5 63. Nb5 Kd5 64. Nc3+ Kc4 65. Ne4 Nc7 66. Nxg5 Rb5+ 67. Ka4
Rb4+ 68. Ka5 Rb5+ 1/2-1/2

[Event "4NCL/Div3/SCS1 vs. PPA1"]
[Site "Telford ENG"]
[Date "2005.02.26"]
[Round "5.2"]
[White "Harley, Andrew"]
[Black "Reynolds, D Ian"]
[Result "1/2-1/2"]
[WhiteElo "2237"]
[BlackElo "2101"]
[PlyCount "47"]
[EventDate "2005.02.26"]
[EventType "team"]
[EventRounds "11"]
[EventCountry "ENG"]
[SourceDate "2004.09.21"]

1. e4 e5 2. Nf3 Nc6 3. Bb5 a6 4. Ba4 Nf6 5. O-O Be7 6. Re1 b5 7. Bb3 O-O 8. a4
Bb7 9. d3 Re8 10. Bd2 Bc5 11. Nc3 b4 12. Nd5 Nxd5 13. Bxd5 Qf6 14. c3 Rab8 15.
Bg5 Qg6 16. Be3 Bf8 17. d4 bxc3 18. bxc3 exd4 19. cxd4 Nb4 20. Bxb7 Rxb7 21.
Nd2 d5 22. f3 Bd6 23. Rb1 Rbb8 24. Rb3 1/2-1/2

[Event "4NCL/Div3/SCS1 vs. PPA1"]
[Site "Telford ENG"]
[Date "2005.02.26"]
[Round "5.3"]
[White "Lutton, E Josiah"]
[Black "Posazhennikov, Alex"]
[Result "1-0"]
[WhiteElo "2062"]
[BlackElo "2256"]
[PlyCount "81"]
[EventDate "2005.02.26"]
[EventType "team"]
[EventRounds "11"]
[EventCountry "ENG"]
[SourceDate "2004.09.21"]

1. e4 c6 2. Nc3 d5 3. d3 g6 4. g3 Bg7 5. Bg2 dxe4 6. Nxe4 f5 7. Nc3 e5 8. f4
Qe7 9. Nge2 exf4 10. Bxf4 g5 11. Bd2 Bd7 12. Qc1 h6 13. Be3 Na6 14. Qd2 Nc5 15.
d4 Ne4 16. Bxe4 fxe4 17. d5 Nf6 18. d6 Qe6 19. O-O-O b5 20. b3 b4 21. Na4 Nd5
22. Bd4 e3 23. Qd3 Bxd4 24. Qxd4 O-O 25. h4 Qf6 26. hxg5 hxg5 27. Rh5 Bg4 28.
Qxf6 Nxf6 29. Rxg5+ Kf7 30. Re1 Rad8 31. Nf4 Rfe8 32. Nd3 Rxd6 33. Ne5+ Rxe5
34. Rxe5 e2 35. Nb2 Nd5 36. Nc4 Rh6 37. Re4 Bf3 38. Ne5+ Kf6 39. Nxf3 Nc3 40.
Rf4+ Ke7 41. Nd4 1-0

[Event "4NCL/Div3/SCS1 vs. PPA1"]
[Site "Telford ENG"]
[Date "2005.02.26"]
[Round "5.5"]
[White "Hawrami, Dana"]
[Black "Byway, Paul"]
[Result "1/2-1/2"]
[WhiteElo "2026"]
[BlackElo "2193"]
[PlyCount "38"]
[EventDate "2005.02.26"]
[EventType "team"]
[EventRounds "11"]
[EventCountry "ENG"]
[SourceDate "2004.09.21"]

1. d4 Nf6 2. c4 e6 3. Nf3 d5 4. g3 Nbd7 5. Qc2 c6 6. Bg2 Bd6 7. O-O O-O 8. b3
Qe7 9. Bb2 b6 10. Nbd2 Bb7 11. h3 Rac8 12. e4 dxe4 13. Nxe4 Nxe4 14. Qxe4 Nf6
15. Qc2 Ba3 16. Bc3 Bb4 17. Bb2 Ba3 18. Bc3 Bb4 19. Bb2 Ba3 1/2-1/2

[Event "4NCL/Div3/SCS1 vs. PPA1"]
[Site "Telford ENG"]
[Date "2005.02.26"]
[Round "5.6"]
[White "Gregory, Stephen J"]
[Black "Kilpatrick, Callum"]
[Result "1-0"]
[WhiteElo "2167"]
[BlackElo "1955"]
[PlyCount "73"]
[EventDate "2005.02.26"]
[EventType "team"]
[EventRounds "11"]
[EventCountry "ENG"]
[SourceDate "2004.09.21"]

1. e4 c5 2. Nf3 d6 3. d3 Nc6 4. g3 g6 5. Bg2 Bg7 6. O-O e5 7. c3 Nge7 8. a3 O-O
9. b4 cxb4 10. axb4 d5 11. Qe2 dxe4 12. dxe4 Bg4 13. Nbd2 Qc7 14. h3 Bxf3 15.
Bxf3 Rfd8 16. Nb3 a6 17. Be3 Na7 18. Qb2 Nb5 19. Nc5 Nc6 20. Qb3 Bf8 21. Be2
Nca7 22. Bc4 Nd6 23. Bd5 Nc6 24. f4 Bg7 25. f5 gxf5 26. exf5 Nb5 27. f6 Bf8 28.
Kh2 Nd6 29. Bg5 Re8 30. Rae1 Rad8 31. Bc1 Kh8 {=} 32. Be4 Nxe4 33. Nxe4 Rd3 34.
Qc4 Red8 35. Ng5 h6 36. Nxf7+ Kh7 37. Qe4+ 1-0

[Event "4NCL/Div3/SCS1 vs. PPA1"]
[Site "Telford ENG"]
[Date "2005.02.26"]
[Round "5.7"]
[White "Sen, Subin"]
[Black "Rosen, Daniel B"]
[Result "0-1"]
[WhiteElo "1935"]
[BlackElo "2167"]
[PlyCount "86"]
[EventDate "2005.02.26"]
[EventType "team"]
[EventRounds "11"]
[EventCountry "ENG"]
[SourceDate "2004.09.21"]

1. Nf3 f5 2. d4 Nf6 3. c4 e6 4. g3 Be7 5. Bg2 O-O 6. O-O d5 7. b3 Bd7 8. Ba3 c6
9. Bxe7 Qxe7 10. Nc3 Be8 11. e3 Bh5 12. Qc2 Bxf3 13. Bxf3 Nbd7 14. Rac1 Rac8
15. Ne2 e5 16. cxd5 e4 17. Bg2 Nxd5 18. Nf4 Nxf4 19. gxf4 Kh8 20. Qc3 Rf6 21.
f3 exf3 22. Rxf3 Re8 23. Rg3 Rg6 24. Re1 Qh4 25. Rxg6 hxg6 26. Rf1 g5 27. Qd3
Nf6 28. fxg5 Ng4 29. h3 Nxe3 30. Rxf5 Nxf5 31. Qxf5 Qxd4+ 32. Kh2 Qe5+ 33. Qxe5
Rxe5 34. h4 Re2 35. Kg3 Rxa2 36. Be4 Rb2 37. Kf4 Rxb3 38. Kf5 a5 39. h5 a4 40.
Kg6 a3 41. Kf7 a2 42. h6 a1=Q 43. hxg7+ Qxg7+ 0-1

[Event "4NCL/Div3/SCS1 vs. PPA1"]
[Site "Telford ENG"]
[Date "2005.02.26"]
[Round "5.8"]
[White "Djabri, Kathy"]
[Black "Lowry-O'Reilly, Hannah"]
[Result "1-0"]
[WhiteElo "2013"]
[BlackElo "1765"]
[PlyCount "87"]
[EventDate "2005.02.26"]
[EventType "team"]
[EventRounds "11"]
[EventCountry "ENG"]
[SourceDate "2004.09.21"]

1. e4 c5 2. c3 d6 3. d4 Nf6 4. Bd3 Nc6 5. Bc2 Qb6 6. Ne2 g6 7. h3 Bg7 8. Na3
cxd4 9. Nxd4 Nxd4 10. Qxd4 Qxd4 11. cxd4 Bd7 12. O-O Rc8 13. Bd3 O-O 14. Re1
Ne8 15. Be3 Nc7 16. Rad1 Ne6 17. Bb1 Nc7 18. b3 Nb5 19. Nxb5 Bxb5 20. f3 Rc7
21. Rc1 Rfc8 22. Rxc7 Rxc7 23. d5 b6 24. Kf2 Kf8 25. f4 Ke8 26. g4 Rc3 27. h4
Kd7 28. Rh1 h5 29. g5 Bd3 30. Bxd3 Rxd3 {=} 31. Ke2 Rc3 32. Kd2 Rc7 33. Rf1 f6
34. f5 fxg5 35. Bxg5 gxf5 36. Rxf5 Rc8 37. Rf7 Bf8 38. Rh7 Re8 39. Rxh5 Bg7 40.
Rh7 Rg8 41. Kd3 Ke8 42. h5 Kf7 43. h6 Kg6 44. Rxg7+ 1-0

[Event "4NCL/Div3/ATH vs. AD2"]
[Site "Telford ENG"]
[Date "2005.02.26"]
[Round "5.1"]
[White "Roberts, Paul"]
[Black "Mangwengwende, John"]
[Result "1-0"]
[WhiteElo "2179"]
[BlackElo "2116"]
[PlyCount "61"]
[EventDate "2005.02.26"]
[EventType "team"]
[EventRounds "11"]
[EventCountry "ENG"]
[SourceDate "2004.09.21"]

1. Nf3 Nf6 2. d4 g6 3. Bf4 Bg7 4. e3 O-O 5. Be2 d6 6. h3 Nbd7 7. O-O Nh5 8. Bh2
f5 9. c4 f4 10. exf4 Nxf4 11. Nc3 e5 12. Bxf4 Rxf4 13. Qd2 Rf8 14. Rad1 exd4
15. Nxd4 Nf6 16. Bf3 Kh8 17. Rfe1 Rb8 18. Qg5 Re8 19. Rxe8+ Qxe8 20. Ncb5 Qf7
21. Bd5 Qe7 22. Qd2 c6 23. Bxc6 a6 24. Nc3 bxc6 25. Nxc6 Qc7 26. Nxb8 Qxb8 27.
b3 Ne8 28. Ne4 Bd7 29. Nxd6 Nf6 30. c5 Bc6 31. Nf7+ 1-0

[Event "4NCL/Div3/ATH vs. AD2"]
[Site "Telford ENG"]
[Date "2005.02.26"]
[Round "5.2"]
[White "Graham, Nick"]
[Black "Johansson, Toni"]
[Result "0-1"]
[WhiteElo "2000"]
[BlackElo "2143"]
[PlyCount "91"]
[EventDate "2005.02.26"]
[EventType "team"]
[EventRounds "11"]
[EventCountry "ENG"]
[SourceDate "2004.09.21"]

1. d4 Nf6 2. Nf3 g6 3. Nc3 Bg7 4. e4 d6 5. Be3 Ng4 6. Bg5 c5 7. dxc5 Qa5 8.
Bb5+ Bd7 9. Bxd7+ Nxd7 10. cxd6 Bxc3+ 11. bxc3 Qxc3+ 12. Nd2 Qe5 13. Bxe7 Nc5
14. Rb1 Nxe4 15. Nxe4 Qxe4+ 16. Kf1 b6 17. Qd2 Kd7 18. Rb4 Qe6 19. f3 Qe3 20.
Qxe3 Nxe3+ 21. Kf2 Nf5 22. Re4 Rac8 23. c4 Rhe8 24. Rd1 Rc6 25. g4 Ng7 26. h4
Rec8 27. Rc1 Ne6 28. Ke3 Rc5 29. f4 f5 30. gxf5 gxf5 31. Rxe6 Kxe6 32. d7 Kxd7
33. Bxc5 Rxc5 34. Kd4 Ra5 35. Rc2 Kd6 36. Rb2 Ra3 37. Rb5 Ke6 38. Re5+ Kf6 39.
Re8 Rxa2 40. Rf8+ Kg6 41. Rg8+ Kh5 42. Rg5+ Kxh4 43. Rxf5 Kg4 44. Rg5+ Kxf4 45.
Rh5 Rd2+ 46. Kc3 0-1

[Event "4NCL/Div3/ATH vs. AD2"]
[Site "Telford ENG"]
[Date "2005.02.26"]
[Round "5.3"]
[White "McKeown, Paul"]
[Black "Pohribnyj, Chris"]
[Result "1-0"]
[WhiteElo "2095"]
[BlackElo "1972"]
[PlyCount "77"]
[EventDate "2005.02.26"]
[EventType "team"]
[EventRounds "11"]
[EventCountry "ENG"]
[SourceDate "2004.09.21"]

1. Nf3 Nf6 2. d4 g6 3. c4 Bg7 4. Nc3 d6 5. e4 O-O 6. Be2 e5 7. O-O Nc6 8. d5
Ne7 9. b4 Nh5 10. Re1 f5 11. Ng5 Nf4 12. Bxf4 exf4 13. e5 Bxe5 14. Qb3 Bxc3 15.
Qxc3 Nxd5 16. cxd5 Qxg5 17. Qxc7 Qd8 18. Rec1 Qxc7 19. Rxc7 Rf7 20. Rac1 Rxc7
21. Rxc7 a6 22. h4 h5 23. b5 axb5 24. Bxb5 Kf8 25. a4 Rb8 26. a5 Ra8 27. f3 Rb8
28. Kf2 Ra8 29. g3 Rb8 30. gxf4 Ra8 31. Ke3 Rb8 32. Kd4 Ra8 33. Kc3 Rb8 34. Kb4
Ra8 35. Bd7 Bxd7 36. Rxd7 Rb8 37. Kb5 Rc8 38. Rxb7 Rc1 39. a6 1-0

[Event "4NCL/Div3/ATH vs. AD2"]
[Site "Telford ENG"]
[Date "2005.02.26"]
[Round "5.4"]
[White "Pritchard, David"]
[Black "Quinn, John M"]
[Result "1/2-1/2"]
[WhiteElo "1965"]
[BlackElo "2157"]
[PlyCount "88"]
[EventDate "2005.02.26"]
[EventType "team"]
[EventRounds "11"]
[EventCountry "ENG"]
[SourceDate "2004.09.21"]

1. d4 Nf6 2. Nf3 e6 3. e3 c5 4. Bd3 b6 5. b3 Bb7 6. Nbd2 Nc6 7. a3 Qc7 8. Bb2
Be7 9. O-O O-O 10. Qe2 d6 11. e4 cxd4 12. Nxd4 Ne5 13. f4 Nxd3 14. cxd3 Rac8
15. Rac1 Qb8 16. b4 a6 17. N2f3 b5 18. Kh1 Rxc1 19. Rxc1 Rc8 20. Qd2 Rc7 21.
Rc2 Qc8 22. Qc1 Rxc2 23. Qxc2 Qxc2 24. Nxc2 Nh5 25. Bc1 f5 26. e5 h6 27. Kg1
dxe5 28. Nxe5 Bd6 29. g3 g5 30. Nd4 Bd5 31. Kf2 gxf4 32. gxf4 Kg7 33. Ne2 Nf6
34. h3 Kf8 35. Nd4 Ke8 36. Bb2 Nd7 37. Ndf3 Bxf3 38. Kxf3 Bxe5 39. fxe5 Kf7 40.
h4 Kg6 41. Bd4 Nb8 42. Kf4 Nc6 43. Bc5 Kh5 44. d4 Kg6 1/2-1/2

[Event "4NCL/Div3/ATH vs. AD2"]
[Site "Telford ENG"]
[Date "2005.02.26"]
[Round "5.5"]
[White "Stevenson, James A B"]
[Black "Rea, William"]
[Result "1-0"]
[WhiteElo "2092"]
[BlackElo "1920"]
[PlyCount "43"]
[EventDate "2005.02.26"]
[EventType "team"]
[EventRounds "11"]
[EventCountry "ENG"]
[SourceDate "2004.09.21"]

1. Nf3 g6 2. e4 d5 3. exd5 Qxd5 4. Nc3 Qd8 5. d4 Bg7 6. Bc4 c6 7. h3 Nd7 8. Qe2
Nb6 9. Bb3 Nf6 10. Bg5 O-O 11. O-O-O Nbd5 12. Ne4 a5 13. a3 b5 14. Nc5 a4 15.
Ba2 h6 16. Bd2 Qc7 17. Ne5 Nd7 18. Bxd5 Nxe5 19. Ba2 Qd6 20. Bf4 Nd3+ 21. Nxd3
Qxd4 22. Be5 1-0

[Event "4NCL/Div3/ATH vs. AD2"]
[Site "Telford ENG"]
[Date "2005.02.26"]
[Round "5.6"]
[White "Wilcox, Steven R"]
[Black "Gruettner, Ralf"]
[Result "0-1"]
[WhiteElo "1920"]
[BlackElo "2044"]
[PlyCount "128"]
[EventDate "2005.02.26"]
[EventType "team"]
[EventRounds "11"]
[EventCountry "ENG"]
[SourceDate "2004.09.21"]

1. e4 Nf6 2. e5 Nd5 3. d4 d6 4. c4 Nb6 5. f4 dxe5 6. fxe5 c5 7. d5 e6 8. Nf3
exd5 9. cxd5 Qxd5 10. Qxd5 Nxd5 11. Bb5+ Bd7 12. Bxd7+ Nxd7 13. O-O Be7 14. Na3
Nc7 15. Bf4 Ne6 16. Bg3 O-O 17. Rad1 Rfd8 18. Nc4 b6 19. Nd6 Bxd6 20. exd6 f6
21. Rf2 Re8 22. Re2 g6 23. Rde1 Ng7 24. Nd2 Rxe2 25. Rxe2 Re8 26. Kf2 Kf7 27.
Ne4 Nf5 28. Bf4 Nd4 29. Re3 Ne6 30. Rf3 Nxf4 31. Rxf4 Re5 32. h4 h6 33. Nc3 Ke6
34. Ra4 a5 35. Nb5 Kd5 36. Rg4 g5 37. hxg5 hxg5 38. a4 Kc6 39. Rg3 Re4 40. b3
Re5 41. Rc3 Nf8 42. Rd3 Kd7 43. Rf3 f5 44. Rh3 Re8 45. Rh8 Rd8 46. Rg8 {=} Ne6
47. Rg6 Rf8 48. Rh6 Rf7 49. Rh8 Nd4 50. Rb8 Nxb5 51. axb5 Kxd6 52. Rxb6+ Kd5
53. Ra6 Rb7 54. Rxa5 Kd4 55. Ra4+ Kd3 56. Ra5 Rb6 57. Ra6 Rxb5 58. Rf6 Rxb3 59.
Rxf5 c4 60. Rxg5 c3 61. Rd5+ Kc4 62. Rd1 c2 63. Rc1 Kd3 64. Ke1 Rb1 0-1

[Event "4NCL/Div3/ATH vs. AD2"]
[Site "Telford ENG"]
[Date "2005.02.26"]
[Round "5.7"]
[White "Dalmau, Anneli"]
[Black "Groombridge, Mike J"]
[Result "1/2-1/2"]
[WhiteElo "2087"]
[BlackElo "1915"]
[PlyCount "42"]
[EventDate "2005.02.26"]
[EventType "team"]
[EventRounds "11"]
[EventCountry "ENG"]
[SourceDate "2004.09.21"]

1. e4 e6 2. d4 d5 3. exd5 exd5 4. Nf3 Bd6 5. c4 c6 6. Nc3 Ne7 7. Bd3 Bg4 8. Be3
Nd7 9. O-O Nf6 10. c5 Bc7 11. b4 O-O 12. Re1 Re8 13. a4 Nf5 14. Qc2 Qd7 15. Bg5
Ne4 16. Be3 Bxf3 17. gxf3 Nxd4 18. Bxd4 Qh3 19. f4 Qg4+ 20. Kf1 Qh3+ 21. Kg1
Qg4+ 1/2-1/2

[Event "4NCL/Div3/ATH vs. AD2"]
[Site "Telford ENG"]
[Date "2005.02.26"]
[Round "5.8"]
[White "Wilcox, Charlotte"]
[Black "Gostelow, David W"]
[Result "1/2-1/2"]
[WhiteElo "1920"]
[BlackElo "2065"]
[PlyCount "43"]
[EventDate "2005.02.26"]
[EventType "team"]
[EventRounds "11"]
[EventCountry "ENG"]
[SourceDate "2004.09.21"]

1. e4 c5 2. d4 cxd4 3. c3 Nf6 4. e5 Nd5 5. Qxd4 e6 6. Nf3 Nc6 7. Qd1 Qc7 8. Qe2
d6 9. exd6 Bxd6 10. g3 O-O 11. Bg2 Bd7 12. O-O Ne5 13. Re1 Nxf3+ 14. Bxf3 Rac8
15. Nd2 Rfd8 16. a3 b5 17. Nb3 Qc4 18. Nd4 Bc5 19. Qxc4 bxc4 20. Bxd5 exd5 21.
Be3 a6 22. Nc2 1/2-1/2

[Event "4NCL/Div3/SWD2 vs. PPA2"]
[Site "Telford ENG"]
[Date "2005.02.26"]
[Round "5.1"]
[White "Spice, Alan"]
[Black "Goodger, Martyn"]
[Result "1-0"]
[WhiteElo "2182"]
[BlackElo "2161"]
[PlyCount "69"]
[EventDate "2005.02.26"]
[EventType "team"]
[EventRounds "11"]
[EventCountry "ENG"]
[SourceDate "2004.09.21"]

1. Nc3 e5 2. Nf3 Nc6 3. d4 exd4 4. Nxd4 Nf6 5. Bg5 Bb4 6. Nxc6 bxc6 7. Qd4 Be7
8. e4 O-O 9. e5 Nd5 10. Bxe7 Qxe7 11. O-O-O Nxc3 12. Qxc3 Rb8 13. f4 Rb6 14.
Be2 Ba6 15. Bf3 Rfb8 16. b3 c5 17. Rd2 c4 18. Rhd1 cxb3 19. cxb3 d6 20. Kb2 Bb5
21. exd6 Rxd6 22. Rxd6 cxd6 23. g3 Qd7 24. Rc1 Re8 25. Rc2 Qe6 26. a4 Ba6 27.
Qc6 Rb8 28. Bd5 Qf6+ 29. Ka2 Qf5 30. Rc3 Bd3 31. Qxd6 Re8 32. Rxd3 Re2+ 33. Ka3
g6 34. Bc4 Kg7 35. Rd5 1-0

[Event "4NCL/Div3/SWD2 vs. PPA2"]
[Site "Telford ENG"]
[Date "2005.02.26"]
[Round "5.2"]
[White "Chavan, Anant"]
[Black "Trevelyan, John"]
[Result "1-0"]
[WhiteElo "2131"]
[BlackElo "2178"]
[PlyCount "51"]
[EventDate "2005.02.26"]
[EventType "team"]
[EventRounds "11"]
[EventCountry "ENG"]
[SourceDate "2004.09.21"]

1. e4 d6 2. Nc3 Nf6 3. f4 d5 4. exd5 Nxd5 5. Nf3 Nxf4 6. Bc4 Be6 7. d3 Bxc4 8.
Bxf4 Ba6 9. O-O e6 10. Ne5 Bc5+ 11. Kh1 O-O 12. Qh5 Be7 13. Rf3 f6 14. Rh3 fxe5
15. Qxh7+ Kf7 16. Bxe5 Ke8 17. Bxg7 Kd7 18. Bxf8 Qxf8 19. Rf3 Qe8 20. Ne4 Kd8
21. Rg3 Nd7 22. Rg8 Nf8 23. Qg7 Qb5 24. Rf1 Kd7 25. Rgxf8 Rxf8 26. Rxf8 1-0

[Event "4NCL/Div3/SWD2 vs. PPA2"]
[Site "Telford ENG"]
[Date "2005.02.26"]
[Round "5.3"]
[White "Smith, Jeff R"]
[Black "Retallick, Lloyd"]
[Result "1/2-1/2"]
[WhiteElo "2197"]
[BlackElo "2115"]
[PlyCount "48"]
[EventDate "2005.02.26"]
[EventType "team"]
[EventRounds "11"]
[EventCountry "ENG"]
[SourceDate "2004.09.21"]

1. e4 c6 2. d4 d5 3. e5 c5 4. dxc5 e6 5. Be3 Nh6 6. Nf3 Nf5 7. Bd4 Nxd4 8. Qxd4
Bd7 9. Nbd2 Nc6 10. Qc3 Qc7 11. Nb3 d4 12. Nbxd4 Nxd4 13. Qxd4 Bxc5 14. Qf4 Qb6
15. O-O-O Bxf2 16. Nd4 Bxd4 17. Rxd4 O-O-O 18. Bc4 Bc6 19. Rxd8+ Rxd8 20. Qxf7
Qe3+ 21. Kb1 Qxe5 22. Qxe6+ Qxe6 23. Bxe6+ Kc7 24. Kc1 Rf8 1/2-1/2

[Event "4NCL/Div3/SWD2 vs. PPA2"]
[Site "Telford ENG"]
[Date "2005.02.26"]
[Round "5.4"]
[White "Bailey, Kevin"]
[Black "May, Frank"]
[Result "1/2-1/2"]
[WhiteElo "2135"]
[BlackElo "2144"]
[PlyCount "38"]
[EventDate "2005.02.26"]
[EventType "team"]
[EventRounds "11"]
[EventCountry "ENG"]
[SourceDate "2004.09.21"]

1. Nf3 d5 2. d4 Nf6 3. c4 e6 4. cxd5 exd5 5. Nc3 Be7 6. Bg5 O-O 7. Qc2 Nbd7 8.
e3 Re8 9. Bd3 Nf8 10. O-O c6 11. Rae1 Nh5 12. Bxe7 Qxe7 13. Ne5 g6 14. f4 Ng7
15. h3 Bf5 16. g4 Bxd3 17. Qxd3 f6 18. Nf3 f5 19. g5 Nd7 1/2-1/2

[Event "4NCL/Div3/SWD2 vs. PPA2"]
[Site "Telford ENG"]
[Date "2005.02.26"]
[Round "5.5"]
[White "Sully, David"]
[Black "Winfridsson, Ola"]
[Result "1-0"]
[WhiteElo "2130"]
[BlackElo "2080"]
[PlyCount "41"]
[EventDate "2005.02.26"]
[EventType "team"]
[EventRounds "11"]
[EventCountry "ENG"]
[SourceDate "2004.09.21"]

1. d4 Nf6 2. Nc3 d5 3. Bg5 Nbd7 4. e3 g6 5. f4 Bg7 6. Nf3 O-O 7. Bd3 c5 8. O-O
b6 9. Qe1 Bb7 10. Qh4 Re8 11. Ne5 cxd4 12. exd4 Ne4 13. Nxf7 Kxf7 14. Nxe4
Bxd4+ 15. Nf2 Rh8 16. f5 Bf6 17. Ng4 h6 18. fxg6+ Kg7 19. Bxh6+ Kg8 20. Nxf6+
exf6 21. g7 1-0

[Event "4NCL/Div3/SWD2 vs. PPA2"]
[Site "Telford ENG"]
[Date "2005.02.26"]
[Round "5.6"]
[White "McCorry, Rob"]
[Black "Adams, Mark A"]
[Result "1/2-1/2"]
[WhiteElo "2065"]
[BlackElo "2001"]
[PlyCount "46"]
[EventDate "2005.02.26"]
[EventType "team"]
[EventRounds "11"]
[EventCountry "ENG"]
[SourceDate "2004.09.21"]

1. d4 Nf6 2. Bg5 e6 3. e4 h6 4. Bxf6 Qxf6 5. Nf3 d6 6. Nc3 a6 7. Qd2 Nd7 8.
O-O-O g5 9. e5 Qg7 10. exd6 Bxd6 11. Kb1 O-O 12. h4 g4 13. Bd3 f5 14. Ng1 Nf6
15. Nge2 Nh5 16. f3 g3 17. f4 Bd7 18. Qe3 Qg4 19. Rdf1 Kh8 20. Rh3 Rg8 21. d5
Rae8 22. dxe6 Bxe6 23. Qd4+ Qg7 1/2-1/2

[Event "4NCL/Div3/SWD2 vs. PPA2"]
[Site "Telford ENG"]
[Date "2005.02.26"]
[Round "5.7"]
[White "Miles, Richard"]
[Black "Thompson, Ian P"]
[Result "1/2-1/2"]
[WhiteElo "2045"]
[BlackElo "2055"]
[PlyCount "85"]
[EventDate "2005.02.26"]
[EventType "team"]
[EventRounds "11"]
[EventCountry "ENG"]
[SourceDate "2004.09.21"]

1. Nf3 d5 2. c4 c6 3. e3 Nf6 4. d4 Bg4 5. Qb3 Qc7 6. Ne5 e6 7. Nc3 Nbd7 8. Nxg4
Nxg4 9. cxd5 exd5 10. h3 Ngf6 11. Bd3 g6 12. Bd2 Bg7 13. Rc1 Qb6 14. Qc2 O-O
15. O-O Rac8 16. Na4 Qc7 17. b4 a6 18. Nc5 Rfe8 19. a4 Bf8 20. Qb1 Bxc5 21.
bxc5 Ne4 22. Rc2 Nxd2 23. Rxd2 Nf8 24. Rb2 Re7 25. Rb6 Ne6 26. Qb2 Rce8 27. Rb1
Nd8 28. Qe2 Qc8 29. Qf3 Kg7 30. g4 Qe6 31. Kg2 Qf6 32. Qg3 Rd7 33. h4 Rg8 34.
Be2 Qe7 35. Rh1 h6 36. Bd3 Re8 37. h5 Qf6 38. Qh3 Rh8 39. Qf3 Qxf3+ 40. Kxf3
Rf8 41. Rbb1 Ne6 42. Rh2 Re7 43. Rbh1 1/2-1/2